000 01225cam a22003613a 4500
001 13687233
003 OSt
005 20140310184458.0
008 031003s2003 nyua j 000 1 eng d
010 _a 2004596431
020 _a0439401828 (pbk.) :
035 _a(OCoLC)ocm53137987
040 _aWIJ
_cWIJ
_dOCLCQ
_dDLC
042 _alccopycat
050 _aPZ 7
_b.H758 2003
100 1 _aHolub, Joan.
_924325
245 1 0 _aDanielle's dollhouse wish /
_cJoan Holub ; illustrations by Ann Losa ; cover illustration by Joan Holub.
260 _aNew York, NY :
_bScholastic, Inc.,
_c2003.
300 _a113 p. :
_bill. ;
_c20 cm.
490 0 _aDoll hospital ;
_v#5
500 _a"A little Apple paperback."
521 _aG2
526 _c450
650 0 _aDoll hospitals
_vJuvenile fiction.
_928491
655 7 _aChildren's stories.
_2lcsh
_93012
700 1 _aLosa, Ann.
_928492
710 2 _aCopyright Paperback Collection (Library of Congress)
_5DLC
_9705
856 4 2 _3Publisher description
_uhttp://www.loc.gov/catdir/description/schol051/2004596431.html
906 _a7
_bcbc
_ccopycat
_d2
_encip
_f20
_gy-genrareb
942 _2lcc
_cBK-SCHOLAS
999 _c34696
_d34696